00486pab a2200145 454500008004000000100002500040245009400065260000900159300001400168362000800182650004400190650003100234650001500265773006000280180718b2002 xxu||||| |||| 00| 0 eng d aChondroleou, Georgia aStudying the media and politics in Britain: a tale of two literatures? (a review article) c2002 ap.359-73. aJun aGreat Britain - Politics and government aMass media - Great Britain aMass media aBritish Journal of Politics and International Relations